000 00502cam a2200193ua 4500
001 11550
005 20260515114751.0
008 191004n ii |||gr||||Z||||||mul
040 _cMAIN
041 _amul
082 _a491.45103
100 _aAnil Baruah,
_eEditor.
245 _aKarjyalay abhidhan
_cEdited by Anil Baruah
250 _a2nd ed.
260 _aGuwahati:
_bAssamese language and software development centre,
_c2016.
300 _a256p.
653 _aAssamese dictionary
942 _cBK
999 _c10359
_d10359